Antonín Máša : film, divadlo atd. /

Hlavní autor: Fryš, Josef, 1944-
Jazyk: Čeština
Vydáno: Praha : Havran, 2010
Vydání: Vyd. 1.
Edice: Studio (Havran)
Témata:
Externí odkaz: Digitalizovaný dokument
Fyzický popis: 166 s. : il., portréty, faksim. ; 21 cm
Knihy
Uloženo v:
LEADER 02532nam a2200673 a 4500
001 nkc20102155538
003 CZ PrNK
005 20121210083634.0
007 ta
008 110103s2010 xr ach f 000 0dcze
015 |a cnb002155538 
020 |a 978-80-87341-02-5  |q (váz.) 
035 |a (OCoLC)703550701 
040 |a ABA001  |b cze 
043 |a e-xr--- 
045 |a x3y0 
072 7 |a 791  |x Film. Cirkus. Lidová zábava  |2 Konspekt  |9 3 
080 |a 791.632-051  |2 MRF 
080 |a 791.633-051  |2 MRF 
080 |a 821.162.3-2-051  |2 MRF 
080 |a 791.2  |2 MRF 
080 |a 792  |2 MRF 
080 |a 821.162.3-2  |2 MRF 
080 |a (437.3)  |2 MRF 
080 |a (048.8)  |2 MRF 
100 1 |a Fryš, Josef,  |d 1944-  |7 mzk2002102203  |4 aut 
245 1 0 |a Antonín Máša :  |b film, divadlo atd. /  |c Josef Fryš 
246 3 |a Film, divadlo atd. - Antonín Máša 
250 |a Vyd. 1. 
260 |a Praha :  |b Havran,  |c 2010 
300 |a 166 s. :  |b il., portréty, faksim. ;  |c 21 cm 
490 1 |a Studio ;  |v sv. 5 
500 |a Chronologický přehled 
504 |a Obsahuje bibliografii a bibliografické odkazy 
600 1 7 |a Máša, Antonín,  |d 1935-2001  |7 jk01080507  |2 czenas 
648 4 |a 1935-2001 
648 7 |a 20.-21. století  |7 ch462155  |2 czenas 
648 7 |a 20. století  |7 ch460558  |2 czenas 
650 0 7 |a filmoví scenáristé  |7 ph120211  |z Česko  |y 20.-21. století  |2 czenas 
650 0 7 |a filmoví režiséři  |7 ph120210  |z Česko  |y 20.-21. století  |2 czenas 
650 0 7 |a čeští dramatici  |7 ph128169  |y 20.-21. století  |2 czenas 
650 0 7 |a filmy  |7 ph120215  |z Česko  |y 20. století  |2 czenas 
650 0 7 |a divadlo  |7 ph119513  |z Česko  |y 20. století  |2 czenas 
650 0 7 |a české drama  |7 ph128137  |y 20. století  |2 czenas 
650 0 9 |a screenwriters  |z Czechia  |y 20th-21st centuries  |2 eczenas 
650 0 9 |a film directors  |z Czechia  |y 20th-21st centuries  |2 eczenas 
650 0 9 |a Czech dramatists  |y 20th-21st centuries  |2 eczenas 
650 0 9 |a films  |z Czechia  |y 20th century  |2 eczenas 
650 0 9 |a theater  |z Czechia  |y 20th century  |2 eczenas 
650 0 9 |a Czech drama  |y 20th century  |2 eczenas 
655 7 |a monografie  |7 fd132842  |2 czenas 
655 9 |a monographs  |2 eczenas 
830 0 |a Studio (Havran)  |0 s 
856 4 1 |u http://www.digitalniknihovna.cz/mzk/uuid/uuid:ab48fe30-1ef1-11e9-9634-005056827e52  |y Digitalizovaný dokument  |x NDK 
910 2 |a BOA001  |b 2-1295.220 
990 |a BK 
995 |a 01 
991 |b 201212  |c NOV  |e n 
996 6 |b 2610529062  |c 2-1295.220  |l MZK  |r Sklad / do 1 hodiny  |n 3  |p p.v.  |w 001300077  |u 000010  |a 1  |e BOA001  |j MZK50  |s P